DEVELOPMENT and the challenge of globalization

Bibliographic Details
Other Authors: Newell (Peter John), Rai, Scott
Format: Book
Published: London : ITDG , 2002
Subjects:

MARC

LEADER 00000cam a2200000 7i4500
001 0000002654
005 20030917.0
020 0 0 |a 1853394920 
090 0 0 |a 337   |b DEV 2002 
245 0 0 |a DEVELOPMENT and the challenge of globalization   |c edited by Peter Newell, Shirin M. Rai and Andrew Scott 
260 0 0 |a London :   |b ITDG ,   |c 2002 
300 |a xii, 212 p. :   |b ill. ;   |c 24 cm. 
500 0 0 |a Includes bibliographical references (p. [191]-208) and index 
650 0 0 |a Economic development 
650 0 0 |a Globalization   |x Economic aspects 
700 0 1 |a Newell   |h Peter [  |q (Peter John)] 
700 0 1 |a Rai   |h Shirin 
700 0 1 |a Scott   |h Andrew 
998 |a JPSM 
999 |a 0000005031   |b Monograph   |c Open Shelf   |e Default branch